000 00577nam a2200217 a 4500
005 20210219152946.0
008 991125n 000 0 u
035 _aUPN01000068950
100 _aNIPKOW, Karl Ernst
222 _aEDUCACION
245 _aConflictos de roles y crisis de identidad del profesor en la escuela de hoy
260 _aALEMANIA
300 _a97-107
362 _a1981 Vol. 23
653 0 _aALUMNOS
653 0 _aINTERACCION MAESTRO-ALUMNO
653 0 _aMAESTROS
653 0 _aRELACIONES HUMANAS
904 _aAC
_b006761
905 _aArticulo
999 _c64765
_d64765